[Event "15th Governor Cup 2019"]
[Site "Khanty-Mansiysk"]
[Date "2019.11.24"]
[Round "8.18"]
[White "Chinguun, Sumiya"]
[Black "Safin, Robert"]
[Result "1/2-1/2"]
[WhiteElo "2307"]
[BlackElo "2182"]
[Annotator "NA"]
[PlyCount "110"]
[EventDate "2019.11.19"]
[EventType "swiss"]
[EventCountry "RUS"]
[SourceTitle "playchess.com"]
[Source "ChessBase"]
[SourceQuality "1"]
[TimeControl "5400+30"]

1. e4 {[%emt 0:00:00]} c5 {[%emt 0:00:00]} 2. Nf3 {[%emt 0:00:00]} e6 {[%emt 0:00:00]} 3. d4 {[%emt 0:00:00]} cxd4 {[%emt 0:00:00]} 4. Nxd4 {[%emt 0:00:03]} Nf6 {[%emt 0:00:00]} 5. Nc3 {[%emt 0:00:24]} Nc6 {[%emt 0:00:00]} 6. Be3 {[%emt 0:03:57]} Bb4 {[%emt 0:00:08]} 7. Bd3 {[%emt 0:18:07]} Qa5 {[%emt 0:27:00]} 8. O-O {[%emt 0:06:45]} Bxc3 {[%emt 0:06:47]} 9. bxc3 {[%emt 0:00:11]} a6 {[%emt 0:01:48]} 10. c4 {[%emt 0:01:22]} Nxd4 {[%emt 0:02:16]} 11. Bxd4 {[%emt 0:00:12]} e5 {[%emt 0:00:29]} 12. Be3 {[%emt 0:02:03]} d6 {[%emt 0:02:34]} 13. f3 {[%emt 0:10:47]} O-O {[%emt 0:00:28]} 14. Be2 {[%emt 0:00:21]} Qc7 {[%emt 0:01:35]} 15. Qd3 {[%emt 0:03:41]} Be6 {[%emt 0:00:23]} 16. Rfd1 {[%emt 0:05:59]} Rfc8 {[%emt 0:25:35]} 17. Qxd6 {[%emt 0:05:53]} Qxd6 {[%emt 0:00:07]} 18. Rxd6 {[%emt 0:00:15]} Bxc4 {[%emt 0:01:05]} 19. Bd3 {[%emt 0:01:27]} Bxd3 {[%emt 0:07:28]} 20. cxd3 {[%emt 0:00:06]} Rd8 {[%emt 0:01:21]} 21. Rxd8+ {[%emt 0:00:27]} Rxd8 {[%emt 0:00:02]} 22. Rd1 {[%emt 0:00:31]} h5 {[%emt 0:02:59]} 23. d4 {[%emt 0:01:51]} exd4 {[%emt 0:00:08]} 24. Rxd4 {[%emt 0:00:28]} Rxd4 {[%emt 0:02:41]} 25. Bxd4 {[%emt 0:00:14]} Nd7 {[%emt 0:00:36]} 26. Kf2 {[%emt 0:00:09]} f6 {[%emt 0:00:44]} 27. Ke3 {[%emt 0:00:54]} Kf7 {[%emt 0:00:06]} 28. Kd3 {[%emt 0:00:40]} Ke6 {[%emt 0:00:08]} 29. Kc4 {[%emt 0:00:25]} Kd6 {[%emt 0:00:23]} 30. f4 {[%emt 0:00:43]} g6 {[%emt 0:07:37]} 31. Bxf6 {[%emt 0:03:26]} Nxf6 {[%emt 0:04:07]} 32. e5+ {[%emt 0:00:11]} Ke6 {[%emt 0:00:03]} 33. exf6 {[%emt 0:00:05]} Kxf6 {[%emt 0:00:03]} 34. Kc5 {[%emt 0:00:05]} Kf5 {[%emt 0:00:03]} 35. Kb6 {[%emt 0:00:04]} Kxf4 {[%emt 0:00:05]} 36. Kxb7 {[%emt 0:00:04]} a5 {[%emt 0:00:36]} 37. a4 {[%emt 0:00:03]} g5 {[%emt 0:00:20]} 38. Kb6 {[%emt 0:00:15]} g4 {[%emt 0:00:14]} 39. Kxa5 {[%emt 0:05:40]} h4 {[%emt 0:01:50]} 40. Kb4 {[%emt 0:01:07]} g3 {[%emt 0:00:06]} 41. h3 {[%emt 0:00:22]} Ke3 {[%emt 0:00:01]} 42. a5 {[%emt 0:00:04]} Kf2 {[%emt 0:00:03]} 43. a6 {[%emt 0:00:08]} Kxg2 {[%emt 0:00:02]} 44. a7 {[%emt 0:00:10]} Kh2 {[%emt 0:00:37]} 45. a8=Q {[%emt 0:00:25]} g2 {[%emt 0:00:05]} 46. Qa2 {[%emt 0:00:46]} Kh1 {[%emt 0:00:48]} 47. Qd5 {[%emt 0:00:52]} Kh2 {[%emt 0:00:06]} 48. Qe5+ {[%emt 0:00:07]} Kxh3 {[%emt 0:07:56]} 49. Qe3+ {[%emt 0:00:31]} Kh2 {[%emt 0:00:06]} 50. Qf4+ {[%emt 0:00:08]} Kh3 {[%emt 0:00:05]} 51. Qe3+ {[%emt 0:00:33]} Kh2 {[%emt 0:00:05]} 52. Qf2 {[%emt 0:00:20]} h3 {[%emt 0:00:04]} 53. Qf4+ {[%emt 0:00:05]} Kh1 {[%emt 0:00:02]} 54. Qf3 {[%emt 0:00:09]} Kh2 {[%emt 0:00:02]} 55. Qf4+ {[%emt 0:00:34]} Kh1 {[%emt 0:00:05]} 1/2-1/2

[Event "15th Governor Cup 2019"]
[Site "Khanty-Mansiysk"]
[Date "2019.11.24"]
[Round "8.19"]
[White "Skvortsov, Andrey"]
[Black "Mukhina, Jana"]
[Result "1-0"]
[WhiteElo "2137"]
[BlackElo "2105"]
[Annotator "NA"]
[PlyCount "75"]
[EventDate "2019.11.19"]
[EventType "swiss"]
[EventCountry "RUS"]
[SourceTitle "playchess.com"]
[Source "ChessBase"]
[SourceQuality "1"]
[TimeControl "5400+30"]

1. Nc3 {[%emt 0:00:00]} c5 {[%emt 0:01:23]} 2. e4 {[%emt 0:00:00]} Nc6 {[%emt 0:00:07]} 3. Nge2 {[%emt 0:00:00]} g6 {[%emt 0:02:59]} 4. d4 {[%emt 0:00:15]} cxd4 {[%emt 0:00:09]} 5. Nxd4 {[%emt 0:00:04]} Bg7 {[%emt 0:00:05]} 6. Nde2 {[%emt 0:00:11]} Nf6 {[%emt 0:00:33]} 7. a4 {[%emt 0:00:04]} O-O {[%emt 0:02:20]} 8. g3 {[%emt 0:00:03]} d6 {[%emt 0:03:24]} 9. Bg2 {[%emt 0:00:04]} Bg4 {[%emt 0:00:13]} 10. h3 {[%emt 0:00:07]} Be6 {[%emt 0:00:08]} 11. O-O {[%emt 0:00:51]} Qc8 {[%emt 0:04:48]} 12. Nf4 {[%emt 0:00:00]} Bc4 {[%emt 0:02:04]} 13. Re1 {[%emt 0:00:00]} Rd8 {[%emt 0:00:11]} 14. Ncd5 {[%emt 0:10:31]} e6 {[%emt 0:04:06]} 15. Ne3 {[%emt 0:00:56]} Ba6 {[%emt 0:00:09]} 16. Rb1 {[%emt 0:00:09]} b6 {[%emt 0:01:16]} 17. b3 {[%emt 0:01:39]} Qc7 {[%emt 0:06:50]} 18. Bb2 {[%emt 0:00:16]} Ne5 {[%emt 0:01:06]} 19. c4 {[%emt 0:02:12]} Bb7 {[%emt 0:00:20]} 20. Qc2 {[%emt 0:01:07]} Rac8 {[%emt 0:00:25]} 21. Ne2 {[%emt 0:02:29]} Qb8 {[%emt 0:01:36]} 22. Rbd1 {[%emt 0:01:41]} Qa8 {[%emt 0:04:10]} 23. Nc3 {[%emt 0:00:04]} a6 {[%emt 0:10:58]} 24. f4 {[%emt 0:01:01]} Nc6 {[%emt 0:00:11]} 25. Ba3 {[%emt 0:00:07]} Ne8 {[%emt 0:00:14]} 26. Qd3 {[%emt 0:05:46]} Nb8 {[%emt 0:03:31]} 27. e5 {[%emt 0:03:00]} Nd7 {[%emt 0:02:38]} 28. Bxb7 {[%emt 0:01:34]} Qxb7 {[%emt 0:00:02]} 29. exd6 {[%emt 0:01:44]} Nxd6 {[%emt 0:17:52]} 30. Bxd6 {[%emt 0:00:24]} Nc5 {[%emt 0:00:01]} 31. Qc2 {[%emt 0:00:58]} Qf3 {[%emt 0:02:58]} 32. Bxc5 {[%emt 0:02:06]} Rxd1 {[%emt 0:01:08]} 33. Rxd1 {[%emt 0:14:06]} bxc5 {[%emt 0:01:24]} 34. Rd3 {[%emt 0:00:25]} Bd4 {[%emt 0:02:12]} 35. Kh2 {[%emt 0:01:05]} Rb8 {[%emt 0:07:50]} 36. Nf5 {[%emt 0:02:49]} Qf2+ {[%emt 0:00:09]} 37. Qxf2 {[%emt 0:00:12]} Bxf2 {[%emt 0:00:01]} 38. Nd1 {[%emt 0:00:32]} 1-0

[Event "15th Governor Cup 2019"]
[Site "Khanty-Mansiysk"]
[Date "2019.11.24"]
[Round "8.20"]
[White "Kochukova, Anna"]
[Black "Shafigullina, Zarina"]
[Result "0-1"]
[WhiteElo "2117"]
[BlackElo "2295"]
[Annotator "NA"]
[PlyCount "110"]
[EventDate "2019.11.19"]
[EventType "swiss"]
[EventCountry "RUS"]
[SourceTitle "playchess.com"]
[Source "ChessBase"]
[SourceQuality "1"]
[TimeControl "5400+30"]

1. e4 {[%emt 0:00:00]} c5 {[%emt 0:00:00]} 2. Nf3 {[%emt 0:00:00]} Nc6 {[%emt 0:00:00]} 3. d4 {[%emt 0:00:00]} cxd4 {[%emt 0:00:02]} 4. Nxd4 {[%emt 0:00:00]} e5 {[%emt 0:00:06]} 5. Nb5 {[%emt 0:00:33]} d6 {[%emt 0:00:08]} 6. N1c3 {[%emt 0:02:17]} a6 {[%emt 0:00:10]} 7. Na3 {[%emt 0:00:06]} Be7 {[%emt 0:00:07]} 8. Nc4 {[%emt 0:03:29]} b5 {[%emt 0:02:31]} 9. Ne3 {[%emt 0:00:40]} Nf6 {[%emt 0:00:54]} 10. Ned5 {[%emt 0:03:20]} O-O {[%emt 0:03:42]} 11. Nxf6+ {[%emt 0:05:59]} Bxf6 {[%emt 0:00:11]} 12. Be2 {[%emt 0:00:24]} Be6 {[%emt 0:01:09]} 13. O-O {[%emt 0:00:37]} b4 {[%emt 0:06:02]} 14. Nd5 {[%emt 0:00:25]} Bxd5 {[%emt 0:01:11]} 15. exd5 {[%emt 0:07:32]} Ne7 {[%emt 0:03:16]} 16. a3 {[%emt 0:09:20]} a5 {[%emt 0:00:44]} 17. axb4 {[%emt 0:05:44]} axb4 {[%emt 0:00:05]} 18. Rxa8 {[%emt 0:00:23]} Qxa8 {[%emt 0:00:06]} 19. Bc4 {[%emt 0:00:15]} Rc8 {[%emt 0:01:36]} 20. Qd3 {[%emt 0:00:30]} g6 {[%emt 0:04:04]} 21. Bd2 {[%emt 0:03:24]} Qa5 {[%emt 0:00:25]} 22. Qe4 {[%emt 0:10:05]} Nf5 {[%emt 0:14:05]} 23. c3 {[%emt 0:09:12]} bxc3 {[%emt 0:05:37]} 24. Bxc3 {[%emt 0:03:15]} Qc5 {[%emt 0:00:12]} 25. b3 {[%emt 0:00:11]} Bd8 {[%emt 0:03:23]} 26. Ra1 {[%emt 0:05:41]} Bb6 {[%emt 0:00:35]} 27. Qe1 {[%emt 0:00:18]} Nd4 {[%emt 0:03:33]} 28. Bxd4 {[%emt 0:06:15]} Qxd4 {[%emt 0:00:05]} 29. Ra2 {[%emt 0:00:13]} f5 {[%emt 0:03:16]} 30. Qd2 {[%emt 0:00:57]} Qxd2 {[%emt 0:03:47]} 31. Rxd2 {[%emt 0:00:01]} Ra8 {[%emt 0:00:04]} 32. g3 {[%emt 0:00:59]} Ra1+ {[%emt 0:01:15]} 33. Kg2 {[%emt 0:00:03]} e4 {[%emt 0:03:20]} 34. Bb5 {[%emt 0:06:47]} Rb1 {[%emt 0:01:10]} 35. Bc4 {[%emt 0:00:19]} Kg7 {[%emt 0:03:21]} 36. Ra2 {[%emt 0:04:14]} Bc5 {[%emt 0:00:51]} 37. Re2 {[%emt 0:00:36]} Kf6 {[%emt 0:02:58]} 38. Kh3 {[%emt 0:03:21]} Rg1 {[%emt 0:03:36]} 39. Kh4 {[%emt 0:07:43]} Rg2 {[%emt 0:01:32]} 40. Kh3 {[%emt 0:00:10]} Rxf2 {[%emt 0:00:51]} 41. Rxf2 {[%emt 0:00:12]} Bxf2 {[%emt 0:00:05]} 42. Kg2 {[%emt 0:00:59]} Bc5 {[%emt 0:00:19]} 43. h4 {[%emt 0:03:34]} h6 {[%emt 0:00:12]} 44. Kh3 {[%emt 0:00:35]} g5 {[%emt 0:02:15]} 45. hxg5+ {[%emt 0:00:17]} hxg5 {[%emt 0:00:16]} 46. Bb5 {[%emt 0:00:41]} Ke5 {[%emt 0:00:30]} 47. Bc4 {[%emt 0:00:30]} Kd4 {[%emt 0:00:41]} 48. Kg2 {[%emt 0:00:26]} Ke3 {[%emt 0:01:01]} 49. Bb5 {[%emt 0:00:38]} Kd2 {[%emt 0:02:56]} 50. Kf1 {[%emt 0:01:09]} f4 {[%emt 0:00:36]} 51. gxf4 {[%emt 0:00:27]} gxf4 {[%emt 0:00:05]} 52. Kg2 {[%emt 0:00:08]} Ke1 {[%emt 0:01:41]} 53. Bc4 {[%emt 0:00:52]} f3+ {[%emt 0:01:50]} 54. Kg3 {[%emt 0:00:24]} f2 {[%emt 0:00:07]} 55. Kf4 {[%emt 0:00:35]} e3 {[%emt 0:00:45]} 0-1

[Event "15th Governor Cup 2019"]
[Site "Khanty-Mansiysk"]
[Date "2019.11.24"]
[Round "8.21"]
[White "Mironenko, Galina"]
[Black "Voskresenskaya, Marta"]
[Result "0-1"]
[WhiteElo "2236"]
[BlackElo "1859"]
[Annotator "NA"]
[PlyCount "84"]
[EventDate "2019.11.19"]
[EventType "swiss"]
[EventCountry "RUS"]
[SourceTitle "playchess.com"]
[Source "ChessBase"]
[SourceQuality "1"]
[TimeControl "5400+30"]

1. d4 {[%emt 0:00:00]} d5 {[%emt 0:00:00]} 2. c4 {[%emt 0:00:00]} c6 {[%emt 0:00:00]} 3. Nf3 {[%emt 0:00:00]} Nf6 {[%emt 0:00:00]} 4. Nc3 {[%emt 0:00:00]} e6 {[%emt 0:00:00]} 5. e3 {[%emt 0:00:31]} Nbd7 {[%emt 0:00:00]} 6. Bd3 {[%emt 0:00:35]} dxc4 {[%emt 0:00:02]} 7. Bxc4 {[%emt 0:00:04]} b5 {[%emt 0:00:02]} 8. Bd3 {[%emt 0:00:06]} a6 {[%emt 0:00:05]} 9. O-O {[%emt 0:00:52]} Bd6 {[%emt 0:01:21]} 10. a3 {[%emt 0:04:08]} c5 {[%emt 0:00:53]} 11. Re1 {[%emt 0:08:28]} Bb7 {[%emt 0:03:46]} 12. e4 {[%emt 0:05:32]} cxd4 {[%emt 0:00:29]} 13. Nxd4 {[%emt 0:00:14]} Ne5 {[%emt 0:13:34]} 14. Be2 {[%emt 0:17:46]} O-O {[%emt 0:02:38]} 15. Bg5 {[%emt 0:06:10]} h6 {[%emt 0:04:13]} 16. Bh4 {[%emt 0:06:28]} Ng6 {[%emt 0:05:36]} 17. Bg3 {[%emt 0:04:25]} Bxg3 {[%emt 0:01:33]} 18. hxg3 {[%emt 0:00:22]} Qb6 {[%emt 0:00:53]} 19. Nb3 {[%emt 0:08:56]} Nxe4 {[%emt 0:03:12]} 20. Nxe4 {[%emt 0:01:23]} Bxe4 {[%emt 0:00:06]} 21. Qd2 {[%emt 0:04:59]} Rfd8 {[%emt 0:05:44]} 22. Qb4 {[%emt 0:01:14]} Bd3 {[%emt 0:11:32]} 23. Bxd3 {[%emt 0:11:55]} Rxd3 {[%emt 0:00:02]} 24. Nc5 {[%emt 0:01:04]} Rd5 {[%emt 0:00:33]} 25. Na4 {[%emt 0:02:04]} Qa7 {[%emt 0:04:24]} 26. Nc3 {[%emt 0:00:31]} Rd4 {[%emt 0:00:33]} 27. Qb3 {[%emt 0:04:07]} Rad8 {[%emt 0:05:22]} 28. a4 {[%emt 0:03:05]} bxa4 {[%emt 0:03:38]} 29. Rxa4 {[%emt 0:00:55]} Rxa4 {[%emt 0:08:47]} 30. Nxa4 {[%emt 0:00:37]} Rd2 {[%emt 0:01:13]} 31. Rf1 {[%emt 0:01:50]} Qd4 {[%emt 0:01:30]} 32. Nc3 {[%emt 0:00:59]} Ne5 {[%emt 0:01:04]} 33. Qb7 {[%emt 0:03:38]} Ng4 {[%emt 0:03:09]} 34. Qa8+ {[%emt 0:01:04]} Kh7 {[%emt 0:00:27]} 35. Qf3 {[%emt 0:02:48]} Rxb2 {[%emt 0:01:55]} 36. Ne2 {[%emt 0:00:19]} Qc4 {[%emt 0:00:47]} 37. Re1 {[%emt 0:00:48]} a5 {[%emt 0:04:32]} 38. Kh1 {[%emt 0:00:29]} a4 {[%emt 0:00:21]} 39. Kg1 {[%emt 0:00:21]} Rc2 {[%emt 0:02:38]} 40. Nf4 {[%emt 0:00:37]} Rc1 {[%emt 0:01:44]} 41. Rd1 {[%emt 0:00:30]} Qc2 {[%emt 0:00:29]} 42. Rf1 {[%emt 0:00:30]} Rxf1+ {[%emt 0:00:08]} 0-1

[Event "15th Governor Cup 2019"]
[Site "Khanty-Mansiysk"]
[Date "2019.11.24"]
[Round "8.22"]
[White "Dorofeeva, Nyurguiaana"]
[Black "Ryabov, Georgi"]
[Result "0-1"]
[WhiteElo "1848"]
[BlackElo "1887"]
[Annotator "NA"]
[PlyCount "128"]
[EventDate "2019.11.19"]
[EventType "swiss"]
[EventCountry "RUS"]
[SourceTitle "playchess.com"]
[Source "ChessBase"]
[SourceQuality "1"]
[TimeControl "5400+30"]

1. Nf3 {[%emt 0:00:00]} d5 {[%emt 0:00:00]} 2. d4 {[%emt 0:00:00]} Nf6 {[%emt 0:00:00]} 3. Bf4 {[%emt 0:00:00]} g6 {[%emt 0:00:00]} 4. e3 {[%emt 0:00:08]} Bg7 {[%emt 0:00:03]} 5. Be2 {[%emt 0:00:35]} O-O {[%emt 0:00:12]} 6. h3 {[%emt 0:00:18]} Ne4 {[%emt 0:00:53]} 7. Nbd2 {[%emt 0:02:10]} f5 {[%emt 0:00:53]} 8. c4 {[%emt 0:03:31]} e6 {[%emt 0:00:42]} 9. O-O {[%emt 0:01:46]} Nd7 {[%emt 0:00:35]} 10. Rc1 {[%emt 0:01:47]} c6 {[%emt 0:00:56]} 11. b4 {[%emt 0:01:27]} h6 {[%emt 0:01:50]} 12. cxd5 {[%emt 0:11:59]} exd5 {[%emt 0:03:08]} 13. b5 {[%emt 0:02:29]} c5 {[%emt 0:02:29]} 14. dxc5 {[%emt 0:09:00]} Ndxc5 {[%emt 0:01:53]} 15. Nxe4 {[%emt 0:01:19]} Nxe4 {[%emt 0:00:16]} 16. Be5 {[%emt 0:00:46]} Be6 {[%emt 0:07:16]} 17. Qd4 {[%emt 0:24:09]} Rf7 {[%emt 0:04:58]} 18. Rc2 {[%emt 0:06:00]} b6 {[%emt 0:05:59]} 19. Rc6 {[%emt 0:14:41]} Nc5 {[%emt 0:00:19]} 20. Rc1 {[%emt 0:00:25]} Qe7 {[%emt 0:00:53]} 21. Bxg7 {[%emt 0:04:07]} Rxg7 {[%emt 0:01:24]} 22. Qe5 {[%emt 0:00:12]} Re8 {[%emt 0:15:31]} 23. Nd4 {[%emt 0:00:13]} Bf7 {[%emt 0:00:13]} 24. Qxe7 {[%emt 0:01:08]} Rxe7 {[%emt 0:00:05]} 25. Rc8+ {[%emt 0:02:03]} Kh7 {[%emt 0:00:59]} 26. Nc6 {[%emt 0:01:31]} Rb7 {[%emt 0:04:18]} 27. Bf3 {[%emt 0:01:21]} Rg8 {[%emt 0:01:09]} 28. Rd8 {[%emt 0:00:25]} Rc7 {[%emt 0:05:59]} 29. Rxg8 {[%emt 0:08:50]} Bxg8 {[%emt 0:00:36]} 30. Rd1 {[%emt 0:01:01]} Ne4 {[%emt 0:06:03]} 31. Nb4 {[%emt 0:00:05]} Nc3 {[%emt 0:01:50]} 32. Rd3 {[%emt 0:00:26]} Nxb5 {[%emt 0:00:47]} 33. Bxd5 {[%emt 0:00:29]} Bf7 {[%emt 0:00:56]} 34. Bc6 {[%emt 0:01:03]} Bc4 {[%emt 0:01:55]} 35. Rd7+ {[%emt 0:01:03]} Rxd7 {[%emt 0:00:08]} 36. Bxd7 {[%emt 0:00:02]} Nc3 {[%emt 0:01:59]} 37. a3 {[%emt 0:00:44]} Kg7 {[%emt 0:00:19]} 38. Nc6 {[%emt 0:00:19]} Bb5 {[%emt 0:00:44]} 39. Ne5 {[%emt 0:00:07]} Bxd7 {[%emt 0:00:09]} 40. Nxd7 {[%emt 0:00:04]} Nb5 {[%emt 0:00:10]} 41. a4 {[%emt 0:00:11]} Nc3 {[%emt 0:00:08]} 42. a5 {[%emt 0:00:09]} bxa5 {[%emt 0:00:07]} 43. Kf1 {[%emt 0:00:43]} a4 {[%emt 0:09:50]} 44. Nc5 {[%emt 0:00:05]} a3 {[%emt 0:00:06]} 45. Ke1 {[%emt 0:00:51]} a2 {[%emt 0:00:07]} 46. Nb3 {[%emt 0:00:04]} a5 {[%emt 0:00:06]} 47. Kd2 {[%emt 0:00:54]} Ne4+ {[%emt 0:00:12]} 48. Kc2 {[%emt 0:00:10]} a4 {[%emt 0:00:18]} 49. Na1 {[%emt 0:00:06]} Nxf2 {[%emt 0:00:04]} 50. Kb2 {[%emt 0:00:47]} Nd1+ {[%emt 0:00:14]} 51. Kxa2 {[%emt 0:00:04]} Nxe3 {[%emt 0:00:03]} 52. g3 {[%emt 0:00:22]} Nf1 {[%emt 0:00:14]} 53. g4 {[%emt 0:00:06]} fxg4 {[%emt 0:00:04]} 54. hxg4 {[%emt 0:00:03]} Kf6 {[%emt 0:00:05]} 55. Ka3 {[%emt 0:02:17]} Ne3 {[%emt 0:00:14]} 56. Kxa4 {[%emt 0:00:14]} Nxg4 {[%emt 0:00:09]} 57. Nc2 {[%emt 0:01:01]} h5 {[%emt 0:00:07]} 58. Nd4 {[%emt 0:00:47]} h4 {[%emt 0:00:21]} 59. Ne2 {[%emt 0:00:04]} h3 {[%emt 0:00:04]} 60. Ng3 {[%emt 0:00:04]} h2 {[%emt 0:00:04]} 61. Nh1 {[%emt 0:00:16]} Kg5 {[%emt 0:00:06]} 62. Kb3 {[%emt 0:00:14]} Kf4 {[%emt 0:00:15]} 63. Kc3 {[%emt 0:00:06]} Kf3 {[%emt 0:00:04]} 64. Kd2 {[%emt 0:00:13]} Nf2 {[%emt 0:00:07]} 0-1

[Event "15th Governor Cup 2019"]
[Site "Khanty-Mansiysk"]
[Date "2019.11.25"]
[Round "9.1"]
[White "Ponkratov, Pavel"]
[Black "Goganov, Aleksey"]
[Result "1-0"]
[WhiteElo "2619"]
[BlackElo "2565"]
[Annotator "TA"]
[PlyCount "55"]
[EventDate "2019.11.19"]
[EventType "swiss"]
[EventCountry "RUS"]
[SourceTitle "playchess.com"]
[Source "ChessBase"]
[SourceQuality "1"]

{[%evp 12,55,-13,0,2,0,20,-11,-7,-12,31,22,45,44,53,50,66,91,106,118,121,101,112,117,105,106,123,138,108,118,120,97,125,117,252,181,202,205,221,214,486,500,2300,1920,1633,1591]} 1. e4 e5 2. Nf3 Nc6 3. Bb5 Nf6 4. O-O Nxe4 5. d4 Nd6 6. dxe5 Nxb5 7. a4 Nbd4 {C67: Ruy Lopez: Berlin Defence: 4 0-0 Nxe4} 8. Nxd4 d5 9. Nc3 (9. exd6 $5 Bxd6 10. Re1+ Be7 11. Be3 $11) (9. exd6 Nxd4 10. Qxd4 Qxd6 11. Qe3+ Be7 12. Nc3 c6 13. Re1 Be6 14. Ne4 Qe5 15. Bd2 O-O 16. Bc3 Qf5 17. Qg3 Qg6 18. Qc7 Bd5 19. Qxe7 {½-½ (41) Inarkiev,E (2682)-Vitiugov,N (2728) Izhevsk 2019}) 9... Be7 {The position is equal.} 10. f4 Bc5 11. Be3 Bxd4 12. Bxd4 Bf5 13. Bc5 {[#]} b6 $146 ({Predecessor:} 13... d4 14. Nb5 a6 15. Nxd4 Nxd4 16. Qxd4 Qxd4+ 17. Bxd4 O-O-O 18. c3 a5 19. h3 h5 {½-½ (19) Dourerassou,J (2476)-Michalik,P (2579) Pardubice 2013}) 14. Ba3 ({Don't play} 14. Qxd5 $6 Qxd5 15. Nxd5 bxc5 $11) 14... d4 15. Qf3 Qd7 {[#]} 16. Nd5 $1 {[%cal Rd5b4] And now Nb4 would win.} Bg4 {[#]} ({Don't go for} 16... Bxc2 $2 17. Nb4 $18) 17. e6 $1 {[%cal Re6d7][%mdl 64] Decoy} fxe6 {[#]} 18. Nxc7+ $1 {[%mdl 512]} Kd8 (18... Qxc7 19. Qxg4) 19. Qxg4 Kxc7 20. b4 {[%cal Bb2b4,Bb4b5][%mdl 32]} Rad8 21. Rad1 h5 22. Qe2 Qd5 (22... Ne7 $16) 23. Rfe1 Rhe8 24. b5 Na5 25. Bb2 Qa2 $2 (25... e5 26. fxe5 Qc5) 26. Bxd4 $18 {White is clearly winning.} Qxa4 (26... Kc8 $142 27. Bxg7 Qc4 28. Rxd8+ Rxd8 29. Qxe6+ Qxe6 30. Rxe6 Kd7) 27. Be5+ Kc8 28. Qf3 {Accuracy: White = 69%, Black = 29%.} 1-0

[Event "15th Governor Cup 2019"]
[Site "Khanty-Mansiysk"]
[Date "2019.11.25"]
[Round "9.2"]
[White "Kokarev, Dmitry"]
[Black "Timofeev, Artyom"]
[Result "1/2-1/2"]
[WhiteElo "2601"]
[BlackElo "2595"]
[Annotator "TA"]
[PlyCount "27"]
[EventDate "2019.11.19"]
[EventType "swiss"]
[EventCountry "RUS"]
[SourceTitle "playchess.com"]
[Source "ChessBase"]
[SourceQuality "1"]

{[%evp 26,27,35,0]} 1. e4 e5 2. Nf3 Nc6 3. Bb5 a6 4. Ba4 Nf6 5. O-O Be7 6. Re1 b5 7. Bb3 d6 8. c3 O-O 9. h3 Bb7 10. d4 Re8 11. Ng5 Rf8 12. Nf3 Re8 13. Ng5 $146 ({Predecessor:} 13. Nbd2 Bf8 14. a3 g6 15. Ba2 Bg7 16. b4 exd4 17. cxd4 a5 18. Rb1 axb4 19. d5 Ne5 20. Nxe5 dxe5 21. Rxb4 c6 22. dxc6 Bxc6 23. Qf3 Bf8 24. Rb1 {1-0 (33) Topalov,V (2740)-Mamedyarov,S (2790) Shamkir 2019}) 13... Rf8 14. Nf3 1/2-1/2

[Event "15th Governor Cup 2019"]
[Site "Khanty-Mansiysk"]
[Date "2019.11.25"]
[Round "9.3"]
[White "Pogosyan, Stefan"]
[Black "Sakaev, Konstantin"]
[Result "1/2-1/2"]
[WhiteElo "2455"]
[BlackElo "2595"]
[Annotator "TA"]
[PlyCount "106"]
[EventDate "2019.11.19"]
[EventType "swiss"]
[EventCountry "RUS"]
[SourceTitle "playchess.com"]
[Source "ChessBase"]
[SourceQuality "1"]

{[%evp 25,106,0,0,-31,-31,-20,0,-13,0,22,23,24,39,53,50,58,42,52,60,8,30,32,22,6,16,15,17,22,19,23,33,29,33,24,26,0,0,4,10,0,0,0,0,0,0,0,0,0,0,0,0,-61,-63,-63,-63,-60,-45,-61,-62,-81,-81,-81,-80,-79,-80,-79,-41,-41,0,-72,-8,-22,0,0,8,8,7,0,7,0,0,0,0]} 1. d4 d5 2. c4 e6 3. Nc3 c6 4. e3 Nf6 5. Nf3 Nbd7 6. Qc2 Bd6 7. Bd3 O-O 8. O-O dxc4 9. Bxc4 a6 10. e4 e5 11. Rd1 Qc7 12. g3 b5 13. Be2 Re8 14. Bg5 {D46: Semi-Slav: 5 e3 Nbd7 6 Bd3, Black avoids the Meran} (14. a3 exd4 15. Nxd4 Be5 16. Bf3 c5 17. Nde2 Bb7 18. Be3 c4 19. b4 cxb3 20. Qxb3 Nc5 21. Bxc5 Qxc5 {½-½ (68) Mamedyarov,S (2764)-Carlsen,M (2882) Saint Louis 2019}) 14... exd4 15. Nxd4 Be5 16. Nf5 Nb6 17. Bf3 {[#]} Bxf5 $146 ({Predecessor:} 17... h6 18. Bxf6 Bxf6 19. Rac1 Bg5 20. Rb1 Qe5 21. b3 Bf6 22. Rbc1 {½-½ (23) Jedrzejowski,M (2503)-Wunderlich,H (2618) ICCF email 2014}) 18. exf5 Nc4 19. Rac1 h6 20. Bxf6 Bxf6 21. b3 Ne5 22. Bg2 (22. Bh5 $14) 22... Qb6 23. h3 Rad8 24. Ne4 Be7 25. Kh2 Ba3 26. Rxd8 Rxd8 27. Rd1 {Black should prevent Rxd8+.} Rxd1 28. Qxd1 Qc7 29. f6 g6 30. Qd2 Bf8 $1 31. f4 Nd7 32. a4 bxa4 33. bxa4 c5 34. Qc3 Qb6 35. a5 Qe6 36. Qb2 c4 37. Qc3 Qd5 38. Nd2 (38. Nf2 $11 Qc5 39. Ne4) 38... Qd3 $15 39. Qxd3 cxd3 {[%mdl 4096] Endgame KBN-KBN} 40. Kg1 Nxf6 41. Nb3 Bb4 42. Kf2 d2 43. Ke2 Nh5 44. Bb7 Nxg3+ 45. Kd1 Nf1 46. Ke2 Ng3+ 47. Kd1 Nh5 ({Better is} 47... Nf5 $17 48. Ke2 Ne7) 48. f5 {The position is equal.} gxf5 49. Bxa6 Ng3 50. Bd3 Nh1 $1 {[%cal Rh1f2] [#] ( -> ...Nf2+!)} 51. Ke2 {Threatens to win with a6.} Nf2 52. Bc2 {Hoping for a6.} Nxh3 53. a6 ({Don't blunder} 53. Bxf5 $2 Nf4+ 54. Kd1 Nd5 $19) 53... Nf4+ $1 {Accuracy: White = 63%, Black = 55%.} 1/2-1/2